Retail ve fázi velkých změn

Retailové bankovníctvo ako dominantný zdroj výnosov bánk po celom svete. Úverové produkty retailového bankovníctva. Rast konkurencie finančných subjektov. Internetový prístup do banky. Šesť skupín retailových bánk. Inovácia produktov a zlepšenie služieb pre klientov.

Uložené v:
Podrobná bibliografia
Médium: Kapitola
Jazyk:Czech
Predmet:
Tagy: Pridať tag
Žiadne tagy, Buďte prvý, kto otaguje tento záznam!

MARC

LEADER 00000naa$a2200000$$$4500
001 0074701
005 20231010095044.0
041 0 |a cze 
044 |a CZ 
245 1 0 |a Retail ve fázi velkých změn 
520 |a Retailové bankovníctvo ako dominantný zdroj výnosov bánk po celom svete. Úverové produkty retailového bankovníctva. Rast konkurencie finančných subjektov. Internetový prístup do banky. Šesť skupín retailových bánk. Inovácia produktov a zlepšenie služieb pre klientov. 
610 2 0 |a bankovníctvo retailové 
610 2 0 |a konkurencia 
610 2 0 |a internet 
610 2 0 |a úver bankový